[Event "USA/S91129 (USA)"]
[Site "CCLA"]
[Date "2019.10.12"]
[Round "?"]
[White "Buss, Michael D."]
[Black "Wheatley, Daniel D."]
[Result "1-0"]
[WhiteElo "2432"]
[BlackElo "1987"]
[Board "1"]
[WhiteTeam "PA KEYSTONES 'A'"]
[BlackTeam "PAWNTASTICS"]

1. d4 Nf6 2. Bf4 c5 3. e3 g6 4. c3 Bg7 5. Nd2 Nh5 6. Bg5 Bf6 7. Bxf6 Nxf6 
8. dxc5 Qc7 9. b4 Nc6 10. Be2 O-O 11. Ngf3 b6 12. cxb6 Qxb6 13. O-O d5 14.
 a3 Re8 15. c4 dxc4 16. Nxc4 Qb8 17. b5 Nd8 18. Qb3 Be6 19. Qb2 Bd5 20. 
Rfc1 Ne6 21. Nfe5 Nc5 22. a4 Ncd7 23. Rd1 Nxe5 24. Nxe5 Qb7 25. a5 Bxg2 
26. a6 Qe4 27. Bd3 Qd5 28. Bf1 Bxf1 29. Rxd5 Nxd5 30. Kxf1 Red8 31. Nc6 
Rd7 32. Ke1 f6 33. Rd1 Kf7 34. e4 Nb6 35. Rxd7 Nxd7 36. Qb3+ e6 37. Qb4 
Nb6 38. Qe7+ 1-0

[Event "USA/S91129 (USA)"]
[Site "CCLA"]
[Date "2019.10.12"]
[Round "?"]
[White "Buss, Michael D."]
[Black "Jones, Jan"]
[Result "1/2-1/2"]
[WhiteElo "2432"]
[BlackElo "2210"]
[Board "1"]
[WhiteTeam "PA KEYSTONES 'A'"]
[BlackTeam "CASTLES WEST"]

1. Nf3 d5 2. b4 e6 3. Bb2 Nf6 4. b5 c5 5. e3 Bd6 6. c4 O-O 7. a4 b6 8. g3 
Nbd7 9. Bg2 Bb7 10. O-O Qc7 11. cxd5 exd5 12. Qc2 Rfe8 13. d4 Rac8 14. Rc1
c4 15. Nfd2 h6 16. Ba3 Bxa3 17. Nxa3 Nf8 18. Nab1 Ng6 19. Nc3 Qd6 20. a5 
Rc7 21. Rd1 Rd8 22. Nf1 Nf8 23. h3 Bc8 24. Kh2 Ng6 25. Kg1 Be6 26. axb6 
axb6 27. Ra6 Bc8 28. Ra2 Bb7 29. f3 Qe6 30. Qf2 Rcd7 31. Kh2 Ne7 32. Re2 
Qf5 33. h4 g5 34. Bh3 g4 35. fxg4 Nxg4+ 36. Bxg4 Qxg4 37. Nd2 Rf8 38. Nf3 
f6 39. Rf1 Nf5 40. Ne1 Nd6 41. Ng2 f5 42. Qf4 Qg6 43. Qf3 Qe8 44. Nf4 Kh7 
45. Qh5 Rg8 46. Qxe8 Nxe8 47. Ra1 Nf6 48. Ra7 Rgg7 49. Kg2 Kg8 50. Kf2 
Rde7 51. Kf3 Rd7 52. Rc2 Rd6 53. Rc1 Kh7 54. Rf1 h5 55. Ke2 Kh6 56. Kd2 
Rdd7 57. Ne6 Rge7 58. Ng5 Kg6 59. Na4 Rd6 60. Re1 Ng4 61. Nc3 Rdd7 62. Na4
Rd6 63. Nc3 Nf6 64. Kc2 Rdd7 65. Nh3 Rd8 66. Ng5 Rdd7 67. Kd2 Rd6 68. Rf1 
Rd8 1/2-1/2

[Event "USA/S91129 (USA)"]
[Site "CCLA"]
[Date "2019.10.12"]
[Round "?"]
[White "Wheatley, Daniel D."]
[Black "Buss, Michael D."]
[Result "0-1"]
[WhiteElo "1987"]
[BlackElo "2432"]
[Board "1"]
[WhiteTeam "PAWNTASTICS"]
[BlackTeam "PA KEYSTONES 'A'"]

1. c4 g6 2. g3 Bg7 3. Bg2 d6 4. Nc3 e5 5. a3 Ne7 6. b4 c6 7. e4 O-O 8. 
Nge2 Be6 9. d3 a6 10. O-O b5 11. cxb5 axb5 12. Bb2 Nd7 13. f4 d5 14. exd5 
Nxd5 15. Nxd5 Bxd5 16. Bxd5 cxd5 17. Qb3 Qb6+ 18. Rf2 d4 19. fxe5 Nxe5 20.
 Raf1 Rfd8 21. h3 Rd7 22. Kh2 g5 23. Bxd4 Rxd4 24. Nxd4 Qxd4 25. Rxf7 Nxf7
26. Qxf7+ Kh8 27. Qb7 Qb2+ 28. Kh1 Re8 29. Qxb5 Qe2 30. Rf2 Qe1+ 31. Kg2 
Bd4 32. Rc2 Re2+ 33. Rxe2 Qxe2+ 34. Kh1 Qf1+ 0-1

[Event "USA/S91129 (USA)"]
[Site "CCLA"]
[Date "2019.10.12"]
[Round "?"]
[White "Wheatley, Daniel D."]
[Black "Jones, Jan"]
[Result "0-1"]
[WhiteElo "1987"]
[BlackElo "2210"]
[Board "1"]
[WhiteTeam "PAWNTASTICS"]
[BlackTeam "CASTLES WEST"]

1. b3 e5 2. Bb2 Nc6 3. e3 Nf6 4. Bb5 Bd6 5. a3 O-O 6. g4 Ne7 7. g5 Ne8 8. 
d4 e4 9. Nd2 f5 10. Qh5 c6 11. Bc4+ Nd5 12. Nh3 b5 13. Bxd5+ cxd5 14. Nf4 
Bxf4 15. exf4 Qc7 16. O-O-O Qxf4 17. Kb1 Qxf2 18. Rhf1 g6 19. Rxf2 gxh5 
20. Rf4 Ng7 21. Rh4 f4 22. Bc1 d6 23. Nf1 Bg4 24. Re1 e3 25. h3 Nf5 26. 
hxg4 Nxh4 27. gxh5 Nf3 28. Re2 Nxd4 29. Re1 Rac8 30. Bxe3 Nxc2 0-1

[Event "USA/S91129 (USA)"]
[Site "CCLA"]
[Date "2019.10.12"]
[Round "?"]
[White "Jones, Jan"]
[Black "Buss, Michael D."]
[Result "1/2-1/2"]
[WhiteElo "2210"]
[BlackElo "2432"]
[Board "1"]
[WhiteTeam "CASTLES WEST"]
[BlackTeam "PA KEYSTONES 'A'"]

1. d4 g6 2. Nf3 Bg7 3. e4 d6 4. Bc4 a6 5. O-O e6 6. Bb3 Nd7 7. Re1 Ne7 8. 
c3 O-O 9. Bf4 e5 10. Bg3 b5 11. dxe5 dxe5 12. a4 Rb8 13. Nbd2 c5 14. axb5 
axb5 15. c4 b4 16. Qc2 Nc6 17. Ba4 Bb7 18. Nb3 Qc7 19. Bb5 f6 20. Red1 Rf7
21. h3 Qb6 22. Qe2 Re8 23. Qc2 Bf8 24. Qd3 Re6 25. Re1 Ndb8 26. Qe2 Nd7 
27. Bxc6 Bxc6 28. Ra5 Bb7 29. Rea1 Qc6 30. Nfd2 f5 31. Ra7 Qb6 32. f3 Nb8 
33. R7a5 Na6 34. Rb5 Qc7 35. Bf2 f4 36. Nc1 Rd6 37. Ncb3 h5 38. Nf1 Rdf6 
39. Rd1 g5 40. Nh2 Rg7 41. Rd5 Rfg6 42. Ra5 Bc8 43. Qd1 Rh6 44. Kf1 Rc6 
45. Kg1 Rgg6 46. Qd3 Kh7 47. Rb5 Qg7 48. Ra5 Qc7 49. Rb5 Qf7 50. Ra5 Be6 
51. Rb5 Kg8 52. Ra5 Rh6 53. Ra1 Rg6 54. Ra5 Qg7 55. Ra1 Qh7 56. Ra5 Qf7 
57. Rb5 Rc7 58. Na5 Bd7 59. Rb7 Ba4 60. Rxc7 Nxc7 61. Rd8 Ne6 62. Ra8 Nd4 
63. Bxd4 exd4 64. Nb3 Bc6 65. Ra1 Qg7 66. Nc1 Rd6 67. b3 Rd8 68. Ra2 
1/2-1/2

[Event "USA/S91129 (USA)"]
[Site "CCLA"]
[Date "2019.10.12"]
[Round "?"]
[White "Jones, Jan"]
[Black "Wheatley, Daniel D."]
[Result "1-0"]
[WhiteElo "2210"]
[BlackElo "1987"]
[Board "1"]
[WhiteTeam "CASTLES WEST"]
[BlackTeam "PAWNTASTICS"]

1. c4 e5 2. g3 Nf6 3. Bg2 d5 4. cxd5 Nxd5 5. Nf3 Nc6 6. O-O f5 7. d3 Be7 
8. Nc3 Be6 9. a3 O-O 10. Bd2 Bf6 11. Rc1 Qd7 12. b4 Nxc3 13. Bxc3 Rad8 14.
 b5 Nd4 15. Nxd4 exd4 16. Bb4 Be7 17. Bxe7 Qxe7 18. Bxb7 Rb8 19. Bc6 Qxa3 
20. Ra1 Qc5 21. Qc1 Qe5 22. Qf4 Qxf4 23. gxf4 Rf7 24. Ra4 Bd7 25. Bd5 Rxb5
26. Rxd4 Rxd5 27. Rxd5 c6 28. Ra5 Be8 29. Rfa1 g6 30. Rxa7 Rxa7 31. Rxa7 
h5 32. h4 Bf7 33. Ra5 Bd5 34. f3 Kf7 35. e4 fxe4 36. fxe4 Be6 37. Kf2 Bd7 
38. Ke3 Ke6 39. Kd4 Kd6 40. Ra7 c5+ 41. Kc3 Be8 42. Ra6+ Ke7 43. Kc4 1-0

[Event "Team Championship DIV 2 BD 1, S91139"]
[Site "CCLA"]
[Date "2019.10.14"]
[Round "?"]
[White "Shannon, Paul D."]
[Black "Tedesco, Matthew"]
[Result "1/2-1/2"]
[WhiteElo "1875"]
[BlackElo "1822"]
[Board "1"]
[WhiteTeam "Castles West 'B' "]
[BlackTeam "Norsemen"]

1. c4 e6 2. Nf3 Nf6 3. g3 d5 4. Bg2 c5 5. O-O d4 6. d3 Nc6 7. e3 Bd6 8. 
exd4 cxd4 9. b3 O-O 10. Nbd2 h6 11. Re1 Re8 12. Bb2 e5 13. a3 Bg4 14. h3 
Bf5 15. Qc2 Qd7 16. Kh2 Rac8 17. Nh4 Bh7 18. Ne4 Nxe4 19. dxe4 Re6 20. 
Rad1 Ne7 21. Qe2 Ng6 22. Nf5 Bb8 23. Ne3 Ne7 24. Nd5 Nxd5 25. exd5 Rf6 26.
 Rd2 Bd6 27. Be4 Bxe4 28. Qxe4 Qf5 29. Qxf5 Rxf5 30. Kg2 h5 31. f3 Rg5 32.
 h4 Rg6 33. Kh3 f5 34. Rc1 b6 35. Rg2 a5 36. a4 Bc5 37. Re1 Re8 38. Rge2 
e4 39. Rd1 d3 40. Rxd3 exd3 41. Rxe8+ Kf7 42. Re1 Bf2 43. Rd1 Rxg3+ 44. 
Kh2 Rxf3 45. Kg2 Re3 46. Kxf2 Re2+ 47. Kf3 Rxb2 48. Rxd3 g6 49. Kf4 Rf2+ 
50. Ke5 Ke7 51. Rg3 Re2+ 52. Kd4 Re4+ 53. Kd3 Kf6 54. Rh3 Ke5 55. Rg3 Kf6 
56. Rh3 Ke5 57. Rg3 Rd4+ 58. Ke2 Kf6 59. Rh3 Re4+ 60. Kd3 1/2-1/2

[Event "Team Championship, Div 2 Bd 2, S91139"]
[Site "CCLA"]
[Date "2019.10.14"]
[Round "?"]
[White "Disque, Philip"]
[Black "Siegfried, Will"]
[Result "1/2-1/2"]
[WhiteElo "1721"]
[BlackElo "1585"]
[Board "2"]
[WhiteTeam "Norsemen"]
[BlackTeam "Idaho Mountaineers"]

1. Nf3 f5 2. d3 d6 3. e4 e5 4. Nc3 Nc6 5. exf5 Bxf5 6. d4 exd4 7. Nxd4 
Nxd4 8. Qxd4 c6 9. Bf4 Nf6 10. Qd2 Be7 11. O-O-O d5 12. f3 O-O 13. Be2 Re8
14. g4 Bg6 15. h4 Qa5 16. Kb1 Rad8 17. Bd3 d4 18. Ne4 Qxd2 19. Nxf6+ Bxf6 
20. Bxd2 Bxd3 21. cxd3 Re2 22. g5 Be7 23. a3 Kf7 24. Bc1 Rd5 25. Rd2 Rxd2 
26. Bxd2 Re5 27. Re1 Bd6 28. Rxe5 Bxe5 29. f4 Bd6 30. f5 g6 31. fxg6+ Kxg6
32. Be1 Kh5 33. Kc2 Kg4 34. Kd1 c5 35. Ke2 b5 36. b3 a6 37. a4 Bf4 1/2-1/2

[Event "Winter Server Series, S91001"]
[Site "CCLA"]
[Date "2019.02.23"]
[Round "?"]
[White "Buss, Michael D."]
[Black "Edwards, K. E. D. G."]
[Result "1/2-1/2"]
[WhiteElo "2449"]
[BlackElo "2331"]

1. Nf3 c5 2. e4 d6 3. d4 cxd4 4. Nxd4 Nf6 5. f3 e5 6. Nb3 Be6 7. c4 Nbd7 
8. Be3 Rc8 9. Nc3 Bxc4 10. Bxc4 Rxc4 11. Qd3 Rc8 12. Bxa7 b6 13. O-O d5 
14. exd5 Bb4 15. Nb5 O-O 16. d6 Nc5 17. Nxc5 Rxc5 18. a4 Rd5 19. Qb3 Bc5+ 
20. Kh1 e4 21. fxe4 Re5 22. Qg3 Rxe4 23. Bb8 Re3 24. Bc7 Qa8 25. Qf4 Re2 
26. Qf3 Rxb2 27. Qxa8 Rxa8 28. Rxf6 gxf6 29. Rd1 Rxa4 30. d7 Be7 31. Nc3 
Ra8 32. d8=Q+ Bxd8 33. Bxd8 Rc2 34. Bxf6 Rc8 35. Nd5 Rd2 36. Ne7+ 1/2-1/2

[Event "Winter Server Series, S91001"]
[Site "CCLA"]
[Date "2019.02.23"]
[Round "?"]
[White "Buss, Michael D."]
[Black "Ziemak, Ken"]
[Result "1-0"]
[WhiteElo "2449"]
[BlackElo "2243"]

1. Nf3 g6 2. b4 Bg7 3. d4 a5 4. b5 d5 5. c4 dxc4 6. e3 Nh6 7. Ba3 Be6 8. 
Qc2 c5 9. Bxc5 Nd7 10. Ba3 Nb6 11. Nc3 O-O 12. Be2 Rc8 13. Rd1 Nf5 14. O-O
Nd6 15. e4 Re8 16. Qb1 f6 17. Rfe1 Qc7 18. h3 Nf7 19. e5 Nd5 20. Rc1 Bh6 
21. Nxd5 Bxd5 22. Rc3 b6 23. Bc1 Red8 24. Bd3 Bg7 25. e6 Nh8 26. Bf1 Qb7 
27. Qc2 Bxf3 28. gxf3 g5 29. Bg2 Qc7 30. f4 Ng6 31. f5 Nf4 32. Rd1 Nd3 33.
 Be4 Nb4 34. Qe2 1-0

[Event "Winter Server Series, S91001"]
[Site "CCLA"]
[Date "2019.02.23"]
[Round "?"]
[White "Buss, Michael D."]
[Black "Jones, Jan"]
[Result "1/2-1/2"]
[WhiteElo "2449"]
[BlackElo "2215"]

1. Nf3 c5 2. e4 d6 3. d4 cxd4 4. Nxd4 Nf6 5. f3 e5 6. Nb3 Be6 7. c4 Nbd7 
8. Be3 Rc8 9. Nc3 Bxc4 10. Bxc4 Rxc4 11. Qd3 Rc8 12. Bxa7 b6 13. O-O d5 
14. f4 dxe4 15. Nxe4 Nxe4 16. Qxe4 Qc7 17. Rac1 Bc5+ 18. Nxc5 bxc5 19. 
Bxc5 Nxc5 20. Qe3 O-O 21. b4 exf4 22. Qf2 Qb7 23. bxc5 g5 24. h4 h6 25. 
Rfd1 Qc6 26. Kh2 Rfd8 27. Rxd8+ Rxd8 28. Qf3 Qc7 29. c6 Rd6 30. Kh1 Rg6 
31. Qd5 Kf8 32. Qc5+ Kg8 1/2-1/2

[Event "Winter Server Series, S91001"]
[Site "CCLA"]
[Date "2019.02.23"]
[Round "?"]
[White "Buss, Michael D."]
[Black "O'Keefe, Michael J."]
[Result "1-0"]
[WhiteElo "2449"]
[BlackElo "2091"]

1. Nf3 d5 2. b4 Nf6 3. Bb2 e5 4. Nxe5 Bxb4 5. e3 O-O 6. c4 c6 7. cxd5 Nxd5
8. Qc2 Bd6 9. Nf3 Bg4 10. Nc3 Re8 11. Nxd5 cxd5 12. Bd3 Kh8 13. Bxh7 Nc6 
14. Kf1 Bxf3 15. gxf3 Be5 16. d4 Bd6 17. h4 Nb4 18. Qb1 g6 19. h5 Qf6 20. 
Ke2 Qg5 21. Bc1 Qg2 22. Bd2 Nc6 23. hxg6 Nxd4+ 24. Kd3 Qxf3 25. Kxd4 Qe2 
26. g7+ Kxg7 27. Rg1+ Kh8 28. Qd3 Qxf2 29. Kc3 Be5+ 30. Kb3 Re6 31. Raf1 
Qh4 32. a3 Rb6+ 33. Bb4 Qh2 34. Qc2 Qxh7 35. Qd1 Bg7 36. Rh1 Bh6 37. Qxd5 
Re8 38. Rxf7 Qg6 39. Rf2 a5 40. Rxh6+ Qxh6 41. Qd4+ Qg7 42. Qxb6 axb4 43. 
axb4 Qg8+ 44. Kc3 Rc8+ 45. Kb2 Qg7+ 46. Qd4 Rc4 47. Qxg7+ Kxg7 48. Kb3 Re4
49. Ka4 Rxe3 50. Ka5 Re6 51. b5 Re7 52. Kb6 Rd7 53. Ka7 Rc7 54. b6 Re7 55.
 Rc2 1-0

[Event "Winter Server Series, S91001"]
[Site "CCLA"]
[Date "2019.02.23"]
[Round "?"]
[White "Edwards, K. E. D. G."]
[Black "Buss, Michael D."]
[Result "1/2-1/2"]
[WhiteElo "2331"]
[BlackElo "2449"]

1. d4 g6 2. e4 Bg7 3. Nc3 d6 4. f4 a6 5. Nf3 b5 6. Bd3 Nd7 7. e5 c5 8. Be3
b4 9. Ne4 Nh6 10. c3 cxd4 11. cxd4 Nb6 12. O-O O-O 13. Qe2 Nd5 14. h3 Nxe3
15. Qxe3 a5 16. Rad1 a4 17. Ng3 Qb6 18. Rc1 Bd7 19. exd6 Qxd6 20. Ne5 Rfd8
21. Ne4 Nf5 22. Nxd6 Nxe3 23. Ndxf7 Bxe5 24. fxe5 Rdc8 25. Rxc8+ Rxc8 26. 
Re1 Nc2 27. Rc1 Nxd4 28. Rxc8+ Bxc8 29. Nd8 Kf8 30. Kf2 a3 31. bxa3 bxa3 
1/2-1/2

[Event "Winter Server Series, S91001"]
[Site "CCLA"]
[Date "2019.02.23"]
[Round "?"]
[White "Edwards, K. E. D. G."]
[Black "Ziemak, Ken"]
[Result "1-0"]
[WhiteElo "2331"]
[BlackElo "2243"]

1. e4 g6 2. d4 Bg7 3. Nc3 c5 4. d5 d6 5. Nf3 Nf6 6. Bc4 Qa5 7. Nd2 O-O 8. 
a4 a6 9. O-O Nbd7 10. Be2 Qc7 11. Nc4 Nb6 12. Ne3 a5 13. Nb5 Qd8 14. f3 
Bd7 15. Ra3 Ne8 16. c4 e6 17. dxe6 fxe6 18. Qc2 Bxb5 19. axb5 a4 20. Kh1 
Bd4 21. f4 Qe7 22. Ng4 Nf6 23. Nf2 d5 24. cxd5 exd5 25. e5 Rae8 26. Bf3 
Nfd7 27. Qd1 Ra8 28. Nh3 Rfe8 29. Bg4 Nf8 30. Ng5 h6 31. Nf3 Nc4 32. Ra2 
Qf7 33. Nxd4 cxd4 34. h4 h5 35. Bh3 Ne3 36. Bxe3 dxe3 37. Ra3 1-0

[Event "Winter Server Series, S91001"]
[Site "CCLA"]
[Date "2019.02.23"]
[Round "?"]
[White "Edwards, K. E. D. G."]
[Black "Jones, Jan"]
[Result "1-0"]
[WhiteElo "2331"]
[BlackElo "2215"]

1. e4 c5 2. Nf3 d6 3. d4 cxd4 4. Nxd4 Nf6 5. Nc3 g6 6. Be3 Bg7 7. f3 Nc6 
8. Qd2 O-O 9. Bc4 Bd7 10. O-O-O Rc8 11. Bb3 Na5 12. g4 Nxb3+ 13. axb3 a6 
14. h4 h5 15. gxh5 Nxh5 16. Kb1 Re8 17. Nde2 Bb5 18. Nxb5 axb5 19. Qb4 Ra8
20. Qxb5 Qc7 21. c3 Rec8 22. Bb6 Qc6 23. Qxc6 bxc6 24. Be3 Ra6 25. Kc2 Kf8
26. Rdg1 Rb8 27. b4 Ke8 28. Nf4 Bh6 29. Nd5 cxd5 30. Bxh6 dxe4 31. fxe4 
Kd7 32. Bg5 e5 33. Be3 Ke6 34. Kd3 Raa8 35. Bd2 Rh8 36. c4 Nf6 37. Bg5 Nh5
38. Bd2 Ra4 39. Kc3 Nf6 40. Re1 Nd7 41. Re2 Rb8 42. Kc2 Rh8 43. Kc3 Rb8 
44. Kd3 Rh8 45. Rf2 Raa8 46. Kc3 Nf6 47. Re2 Rh7 48. Bg5 Nh5 49. Rd1 f6 
50. Bd2 Ng7 51. Be1 f5 52. Rg2 Rh6 53. exf5+ Nxf5 54. Bf2 Rc8 55. Rg4 Ne7 
56. b5 Rh7 57. b4 Rf8 58. Ba7 g5 59. hxg5 Ra8 60. b6 Nc6 61. g6 Rg7 62. b5
Nxa7 63. bxa7 Raxa7 64. Kb4 Ra2 65. Rb1 1-0

[Event "Winter Server Series, S91001"]
[Site "CCLA"]
[Date "2019.02.23"]
[Round "?"]
[White "Edwards, K. E. D. G."]
[Black "O'Keefe, Michael J."]
[Result "1/2-1/2"]
[WhiteElo "2331"]
[BlackElo "2091"]

1. d4 Nf6 2. c4 e6 3. Nf3 d5 4. Nc3 dxc4 5. e4 Bb4 6. Bg5 c5 7. Bxc4 cxd4 
8. Nxd4 Bxc3+ 9. bxc3 Qa5 10. Bb5+ Nbd7 11. Bxf6 Qxc3+ 12. Kf1 gxf6 13. h4
a6 14. Rh3 Qb4 15. Be2 Ne5 16. Rb1 Qd6 17. Rc3 b5 18. Nb3 Qxd1+ 19. Rxd1 
Bb7 20. f3 O-O 21. Rc7 Rab8 22. Na5 Ba8 23. Rd6 f5 24. exf5 exf5 25. Rxa6 
Ng6 26. Rd6 Nxh4 27. Nb3 f4 28. Nd4 Rfd8 29. Rxd8+ Rxd8 30. Nxb5 Kg7 31. 
Rc4 Rd2 32. Nc3 Nf5 33. Rxf4 Ne3+ 34. Kf2 Nd5 35. Rg4+ Kf8 36. Ke1 Rc2 37.
 Nxd5 Bxd5 38. a4 Ra2 39. Rg5 Be6 40. a5 f5 41. a6 Kf7 42. Bb5 Ra5 43. Bd3
Ra3 44. Kd2 h6 45. Rh5 Kg7 46. Bxf5 Bf7 47. Rh4 Rxa6 48. Ke3 Be6 49. Bb1 
Rb6 50. Bd3 Bf7 51. Ra4 Kf6 52. Kf4 Be8 53. Ra8 Bg6 54. Ra6 Rxa6 55. Bxa6 
Bf7 56. Bb5 Be6 57. Be2 Bd5 58. Kg4 Kg6 59. Bd3+ Kf6 60. Kh5 Kg7 61. Be4 
Bf7+ 62. Kh4 Kf6 63. f4 Kg7 64. Kg3 Kf6 65. Kf2 Kg7 66. Kg3 Kf6 67. Kh4 
Kg7 68. Bf3 Be6 69. g3 Kf6 70. Kh5 Kg7 71. Be4 Bf7+ 72. Kh4 Kf6 73. g4 Kg7
74. Bc6 Kf6 75. Bg2 Kg7 76. Kg3 Kg6 77. Be4+ Kg7 78. Kf3 Kf6 79. Ke3 Bb3 
80. Bb7 Kg6 81. Be4+ Kg7 82. Bf3 Kf6 83. Ke4 Ke6 84. Be2 Bc2+ 85. Bd3 Ba4 
86. Kf3 Kf6 87. Be4 Kg7 88. Kg3 Kf6 89. Bd5 Kg7 90. Bb7 Bc2 91. Bc8 Ba4 
92. Bf5 Kf6 93. Kh4 Be8 94. Bb1 Kg7 95. Ba2 Kf6 96. Bd5 Kg7 97. g5 hxg5+ 
98. Kxg5 Bg6 99. Be6 Bd3 100. Bf5 Bxf5 101. Kxf5 Kf7 102. Ke5 Ke7 103. f5 
Kf7 104. f6 Kf8 105. Ke6 Ke8 106. f7+ Kf8 107. Kf6 1/2-1/2

[Event "Winter Server Series, S91001"]
[Site "CCLA"]
[Date "2019.02.23"]
[Round "?"]
[White "Ziemak, Ken"]
[Black "Buss, Michael D."]
[Result "0-1"]
[WhiteElo "2243"]
[BlackElo "2449"]

1. Nf3 g6 2. g3 Bg7 3. d4 c5 4. d5 d6 5. Bg2 b5 6. O-O Nf6 7. a4 b4 8. c4 
bxc3 9. Nxc3 O-O 10. e4 Nbd7 11. h3 Ne8 12. Bg5 Rb8 13. Qd2 Ne5 14. Nxe5 
Bxe5 15. Rfb1 Rb4 16. Kh2 Ba6 17. Qc2 Qd7 18. Bh6 Ng7 19. Bd2 Rb6 20. Nb5 
Bxb5 21. axb5 Rxb5 22. Bc3 Bxc3 23. bxc3 Rxb1 24. Qxb1 Ra8 25. Ra6 Ne8 26.
 c4 h5 27. f4 Qc8 28. Qa1 Qb8 29. Qa2 Ng7 30. Ra5 Qb7 31. Rb5 Qc8 32. Qa5 
a6 33. Rb2 f6 34. h4 Rb8 35. Ra2 Qg4 36. Qe1 Kh7 37. Qf2 Qd1 38. Qd2 Qxd2 
39. Rxd2 f5 40. e5 Ne8 41. Re2 Kg8 42. Kg1 Kf8 43. Bf1 Nc7 44. Kf2 Rb3 45.
 Re1 Rb2+ 46. Be2 Rb4 47. Ra1 Ke8 48. Bd3 Rb2+ 49. Ke3 Rb6 0-1

[Event "Winter Server Series, S91001"]
[Site "CCLA"]
[Date "2019.02.23"]
[Round "?"]
[White "Ziemak, Ken"]
[Black "Edwards, K. E. D. G."]
[Result "1/2-1/2"]
[WhiteElo "2243"]
[BlackElo "2331"]

1. Nf3 c5 2. g3 d5 3. Bg2 Nc6 4. O-O e5 5. d3 f6 6. c4 d4 7. e3 Be6 8. 
exd4 cxd4 9. Na3 Nge7 10. Nc2 Qd7 11. b4 h5 12. b5 Nd8 13. Qe2 Ng6 14. Nd2
h4 15. Be4 Ne7 16. Nb3 hxg3 17. fxg3 Rc8 18. Nb4 Nf7 19. Bd2 Nd8 20. a4 
Kf7 21. Rac1 Kg8 22. Bg2 Bg4 23. Qe4 Bf5 24. Qf3 Be6 25. Na5 b6 26. Nac6 
Ndxc6 27. bxc6 Qe8 28. Rf2 Qh5 29. Qxh5 Rxh5 30. Bf3 Rf5 31. Bh1 Rxf2 32. 
Kxf2 a5 33. Nd5 Nxc6 34. Rb1 Bf5 35. Nxb6 Rc7 36. Nd5 Rc8 37. Ke2 Bg4+ 38.
 Ke1 Bf5 39. Ke2 e4 40. Bxe4 Bxe4 41. dxe4 Ne5 42. Nb6 d3+ 43. Kd1 Rc5 44.
 Rb5 Rc6 45. Bxa5 Nxc4 46. Nxc4 Rxc4 47. Kd2 Rxe4 48. Kxd3 Rxa4 49. Bc3 
Kf7 50. Bd4 Ke6 51. Ke4 Bd6 52. Rb6 Kd7 53. Kd5 Ra5+ 54. Ke4 f5+ 55. Kd3 
g6 56. Rb7+ Kc6 57. Rg7 Ra3+ 58. Ke2 Ra4 59. Bf2 Ra2+ 60. Kf3 Ra3+ 61. Ke2
Kd5 1/2-1/2

[Event "Winter Server Series, S91001"]
[Site "CCLA"]
[Date "2019.02.23"]
[Round "?"]
[White "Ziemak, Ken"]
[Black "Jones, Jan"]
[Result "1-0"]
[WhiteElo "2243"]
[BlackElo "2215"]

1. Nf3 c5 2. g3 Nc6 3. Bg2 d6 4. c4 Nf6 5. O-O g6 6. d4 cxd4 7. Nxd4 Bd7 
8. Nc3 Bg7 9. Nc2 O-O 10. b3 Qc8 11. Bb2 Bh3 12. f3 Bxg2 13. Kxg2 a6 14. 
e4 Qd8 15. Qe2 Nd7 16. Ne3 e6 17. Rad1 Qc7 18. Na4 Bxb2 19. Qxb2 b5 20. 
Nc3 Rfc8 21. f4 Na5 22. Qd2 bxc4 23. b4 Nb7 24. h3 Rf8 25. f5 a5 26. b5 
Qc5 27. Ng4 Kh8 28. Qh6 Rae8 29. fxg6 fxg6 30. e5 d5 31. Ne4 Qe7 32. Ngf6 
Qg7 33. Qxg7+ Kxg7 34. Nxd7 Rxf1 35. Kxf1 dxe4 36. Nf6 Rd8 37. Rxd8 Nxd8 
38. b6 c3 39. Ke2 c2 40. Kd2 1-0

[Event "Winter Server Series, S91001"]
[Site "CCLA"]
[Date "2019.02.23"]
[Round "?"]
[White "Ziemak, Ken"]
[Black "O'Keefe, Michael J."]
[Result "1-0"]
[WhiteElo "2243"]
[BlackElo "2091"]

1. Nf3 d5 2. c4 c6 3. g3 dxc4 4. Qc2 g6 5. Qxc4 Bg7 6. Bg2 Be6 7. Qc2 Na6 
8. d4 Nb4 9. Qa4 Qb6 10. O-O Nf6 11. Ng5 Bd7 12. a3 Nbd5 13. e4 Nc7 14. 
Nc3 Rc8 15. Qd1 Bg4 16. f3 Be6 17. Na4 Qb5 18. Nxe6 Nxe6 19. Nc3 Qb6 20. 
Be3 Rd8 21. Rf2 O-O 22. Rd2 Ne8 23. Na4 Qb5 24. Rc1 Qa5 25. f4 b5 26. Nc5 
Nxc5 27. Rxc5 Nd6 28. e5 Nc4 29. Re2 Qb6 30. Qb3 Nxe3 31. Qxe3 b4 32. axb4
Qxb4 33. Rd2 e6 34. Qc3 Rb8 35. Rxc6 a5 36. h4 Rfe8 37. Qxb4 Rxb4 38. Rc7 
Bf8 39. d5 exd5 40. Bxd5 Be7 41. b3 a4 42. bxa4 Rxa4 43. Kg2 Ra5 44. Rb7 
Kf8 45. Bc4 Raa8 46. Rdd7 Rad8 47. Rdc7 Rd2+ 48. Kh3 Rc2 49. h5 Rc3 50. h6
Rc2 51. Kg4 Rc3 52. Rb6 Rc2 53. Rb3 Rd8 54. Rbb7 Re8 55. Kf3 Rc3+ 56. Kf2 
Rc1 57. Ke3 f6 58. Kd2 Rxc4 59. Rxc4 fxe5 60. fxe5 1-0

[Event "Winter Server Series, S91001"]
[Site "CCLA"]
[Date "2019.02.23"]
[Round "?"]
[White "Jones, Jan"]
[Black "Buss, Michael D."]
[Result "0-1"]
[WhiteElo "2215"]
[BlackElo "2449"]

1. Nf3 g6 2. g3 Bg7 3. Bg2 c5 4. O-O Nc6 5. d3 d6 6. e4 e5 7. c3 Nge7 8. 
a3 O-O 9. b4 h6 10. b5 Na5 11. c4 f5 12. Nc3 f4 13. Bd2 b6 14. Ne2 Be6 15.
 a4 Qd7 16. Bxa5 bxa5 17. Qd2 g5 18. Ne1 g4 19. Bh1 h5 20. Nc2 Qd8 21. Nc3
Ng6 22. Nd5 Bh6 23. Qe1 h4 24. Nde3 fxe3 25. Nxe3 Bxe3 26. Qxe3 Rf7 27. 
Qd2 Kg7 28. Ra2 Nf8 29. Qe1 Qg5 30. Qd2 Qh5 31. Qe3 Ng6 32. Qd2 Rh8 33. 
Qxa5 Nf8 34. Qd2 Nh7 35. Qe3 Ng5 36. Rfa1 Nh3+ 37. Kf1 Rhf8 0-1

[Event "Winter Server Series, S91001"]
[Site "CCLA"]
[Date "2019.02.23"]
[Round "?"]
[White "Jones, Jan"]
[Black "Edwards, K. E. D. G."]
[Result "0-1"]
[WhiteElo "2215"]
[BlackElo "2331"]

1. b3 e5 2. Bb2 Nc6 3. e3 Nf6 4. Bb5 Bd6 5. Na3 e4 6. Ne2 Be5 7. Qc1 Bxb2 
8. Qxb2 Ne7 9. Ng3 c6 10. Be2 d5 11. c4 O-O 12. cxd5 Qxd5 13. f3 exf3 14. 
Bxf3 Qg5 15. O-O Nf5 16. Qe5 Re8 17. Qc5 b6 18. Qxc6 Nxg3 19. hxg3 Bg4 20.
 Nc4 Rad8 21. Rf2 Re7 22. a4 Bxf3 23. gxf3 Qxg3+ 24. Rg2 Qh4 25. Rh2 Qg5+ 
26. Rg2 Qf5 27. a5 b5 28. Na3 Rc8 29. Qxb5 Re5 30. Qb4 Qxf3 31. Rf1 Qe4 
32. Nc4 Rf5 33. Rxf5 Qxf5 34. Qb7 h6 35. Rf2 Qg4+ 36. Qg2 Qe6 37. Qb7 Rc5 
38. Rf4 Nh5 39. Rf3 Qg6+ 40. Kf2 Nf6 41. Ke2 Rd5 42. Rf4 Qd3+ 43. Ke1 Rg5 
44. Kf2 a6 45. b4 Kh8 46. Qf3 Kh7 47. Rd4 Qb1 48. Rh4 Rg1 49. Qe2 h5 50. 
Ne5 Rh1 51. Rxh1 Qxh1 0-1

[Event "Winter Server Series, S91001"]
[Site "CCLA"]
[Date "2019.02.23"]
[Round "?"]
[White "Jones, Jan"]
[Black "Ziemak, Ken"]
[Result "1-0"]
[WhiteElo "2215"]
[BlackElo "2243"]

1. c4 f5 2. g3 Nf6 3. Bg2 g6 4. d4 Bg7 5. Nc3 O-O 6. Nh3 d6 7. d5 Na6 8. 
O-O Nc5 9. Qc2 e5 10. b4 Na6 11. a3 Qe7 12. Bd2 Bd7 13. Rad1 h6 14. Bc1 
Nb8 15. Kh1 Re8 16. f3 c6 17. dxc6 Nxc6 18. Nb5 Be6 19. Nxd6 Red8 20. c5 
Ne8 21. Nxe8 Rxe8 22. f4 Nd4 23. Qb2 Rad8 24. fxe5 Nc6 25. Rxd8 Rxd8 26. 
Nf4 Bf7 27. Nd3 Kh7 28. Bf4 a6 29. a4 Nd4 30. Be3 Nc6 31. b5 axb5 32. axb5
Nxe5 33. Nxe5 Bxe5 34. Qc1 Be8 35. c6 bxc6 36. b6 1-0

[Event "Winter Server Series, S91001"]
[Site "CCLA"]
[Date "2019.02.23"]
[Round "?"]
[White "Jones, Jan"]
[Black "O'Keefe, Michael J."]
[Result "1/2-1/2"]
[WhiteElo "2215"]
[BlackElo "2091"]

1. Nf3 d5 2. g3 Nf6 3. Bg2 c5 4. O-O Nc6 5. d3 e5 6. Nbd2 Be7 7. e4 O-O 8.
 exd5 Nxd5 9. Re1 f6 10. c3 Bf5 11. d4 cxd4 12. cxd4 Ndb4 13. Ne4 Nxd4 14.
 Nxd4 exd4 15. Qb3+ Kh8 16. a3 Nc6 17. Qxb7 Ne5 18. Bd2 Rb8 19. Qxa7 Rxb2 
20. Ba5 Qd7 21. Qxd7 Bxd7 22. Red1 Ra8 23. Bc7 Rxa3 24. Bxe5 fxe5 25. Rxa3
Bxa3 26. Ra1 Bf5 27. Ng5 h6 28. Nf7+ Kh7 29. Nxe5 Bb4 30. Rd1 Rd2 31. Rxd2
Bxd2 32. Bf1 Kh8 33. Bd3 Be6 34. Bc4 Bf5 35. Bd3 1/2-1/2

[Event "Winter Server Series, S91001"]
[Site "CCLA"]
[Date "2019.02.23"]
[Round "?"]
[White "O'Keefe, Michael J."]
[Black "Buss, Michael D."]
[Result "0-1"]
[WhiteElo "2091"]
[BlackElo "2449"]

1. d4 g6 2. e4 Bg7 3. Nf3 c5 4. dxc5 Qa5+ 5. c3 Qxc5 6. Be3 Qc7 7. Bd3 Nf6
8. O-O O-O 9. Na3 Nc6 10. Nb5 Qb8 11. Bg5 a6 12. Nbd4 d5 13. Bxf6 Bxf6 14.
 exd5 Nxd4 15. Nxd4 Bxd4 16. cxd4 Qd6 17. Re1 Qxd5 18. Be4 Qd6 19. Rc1 Rd8
20. d5 Bd7 21. Qe2 Rac8 22. Rxc8 Rxc8 23. Bf3 Rc7 24. Qe3 e6 25. dxe6 Qxe6
26. h4 Kg7 27. Qd2 Qf6 28. h5 g5 29. Qb4 b5 30. Be4 h6 31. a3 Rc4 32. Qd2 
Bg4 33. b3 Rd4 34. Qc2 Bxh5 35. Qc3 Rd1 36. Qxf6+ Kxf6 37. Rxd1 Bxd1 38. 
b4 Ke5 39. Bb7 Kd4 40. Bxa6 Ba4 41. Kf1 Kc3 42. Ke2 Kb3 0-1